Normal view
MARC view
- Holm, Len.
Entry Personal Name
001 - CONTROL NUMBER
- control field: 13059
003 - CONTROL NUMBER IDENTIFIER
- control field: NUST
005 - DATE AND TIME OF LATEST TRANSACTION
- control field: 20190118110028.0
008 - FIXED-LENGTH DATA ELEMENTS
- fixed length control field: 190118|| aca||aabn | a|a d
040 ## - CATALOGING SOURCE
- Original cataloging agency: NUST
- Transcribing agency: NUST
100 ## - HEADING--PERSONAL NAME
- Personal name: Holm, Len.
670 ## - SOURCE DATA FOUND
- Source citation: Work cat.: (NUST)0: Construction cost estimating :, c2005.
